000 01038nam0a2200325 4500
001 RU\NLR\bibl\1737569
005 20250616111647.0
010 _a978-5-8112-3465-1
_95000
021 _aRU
_b2011-4534
_9308
035 _a(NLR Aleph) 001728496
090 _a1384485
_c1384485
100 _a20110217d2011 |||y0rusy50 ca
101 0 _arus
102 _aRU
105 _aa z |||||
200 1 _aМодульное оригами
_fВ.В. Гончар
210 _aМосква
_cАйрис Пресс
_d2011
215 _a105, [1] с., [4] л. цв. ил.
_cил.
_d24
225 1 _aВнимание: дети!
606 1 _aМодульное оригами
_xКонструирование детское
_92180764
_3RU\NLR\AUTH\6601547991
686 _aЧ426.83
686 _aЧ491.847
700 1 _aГончар
_bВ. В.
_gВалентина Васильевна
_4070
801 0 _aRU
_bNLR
_c20110217
_gRCR
801 1 _aRU
_bNLR
_c20110217
942 _cBOOK
980 _aNB
980 _aNBR